Valtioita emojien mukaan - Statistics

Yleistilastot
  • Tätä visaa on pelattu 5 750 kertaa
  • Keskiarvotulos 14 / 18
Vastaustilastot
Emojit Vastaus % Oikein
Italia
99%
Ranska
99%
Yhdistynyt kuningaskunta
95%
Japani
94%
Australia
92%
Kanada
90%
Yhdysvallat
88%
Kiina
87%
Meksiko
85%
Saksa
84%
Irlanti
78%
Intia
73%
Kreikka
73%
Alankomaat
69%
Brasilia
67%
Uusi-Seelanti
65%
Sveitsi
61%
Chile
41%
Ehtoja vastaavia visoja ei löytynyt
Tulosjakauma
Jokaisen tuloksen saaneiden osuus
Persentiili vastausten määrän mukaan
Tuloshistoriasi
Et ole pelannut tätä visaa